000 02186nam a22002297a 4500
008 251015b |||||||| |||| 00| 0 eng d
020 _a9788419346001
040 _cTBS
041 _aspa
_hjpn
050 _aPL872.5.A74
_bK3713 2024
100 _aKashiwai, Hisashi
_d1952-
_926167
_eauthor
240 _aKamogawa shokudō okawari.
_lSpanish
245 _aLas deliciosas historias de la taberna Kamogawa
_c/ Hisashi Kashiwai ; translated by Víctor Illera Kanaya
250 _aFirst edition
260 _aBarcelona,
_bPenguin Random House,
_c2024.
300 _a201 pages :
_billustrations ;
_c22 cm.
520 _aUn misterioso anuncio de una sola línea en una revista culinaria, sin número de teléfono ni dirección: ¡quienes deseen visitar la taberna Kamogawa tienen que confiar en un toque de magia para llegar hasta ella! Solo los asiduos y los curiosos, guiados por el destino, encuentran el camino hasta el pequeño edificio escondido entre las callejuelas de Kioto. La pareja formada por el padre y la hija Kamogawa ha empezado a anunciar sus servicios como «detectives de la comida»: mediante ingeniosas investigaciones, son capaces de recrear un plato del pasado de sus clientes, guisos que bien podrían contener las claves de historias olvidadas y promesas de felicidad futura. ¿Les permitirán estos sabores redescubiertos cerrar la puerta a los remordimientos y empezar de nuevo?
520 _aA mysterious one-line ad in a culinary magazine—with no phone number or address: those who wish to visit the Kamogawa Tavern must rely on a touch of magic to find it! Only regulars and the curious, guided by fate, manage to reach the small building hidden among Kyoto’s narrow streets. The father-and-daughter duo, the Kamogawas, have begun advertising their services as “food detectives.” Through clever investigations, they can recreate a dish from their clients’ past—meals that may hold the keys to forgotten stories and promises of future happiness. Will these rediscovered flavors allow them to close the door on regret and begin anew?
655 0 _aCozy mysteries
_925814
700 _aIllera Kanaya, Víctor
_923420
_etranslator
942 _2lcc
999 _c5052
_d5052